| 000 | 01622nam a2200433 i 4500 | ||
|---|---|---|---|
| 001 | 25772 | ||
| 003 | KOSZ 005 | ||
| 005 | 20200715094322.0 | ||
| 008 | 200715s1974 pl a f 001 0 pol | ||
| 015 | _aPB 1974/2236 | ||
| 035 | _a(OCoLC)830695608 | ||
| 040 |
_aWA N _cWA N _dKOSZ 005/EC _dKOSZ 005/RW |
||
| 046 | _k1974 | ||
| 080 | _a62-5 | ||
| 080 | _a681.3 | ||
| 080 | _a(07) | ||
| 100 | 1 |
_aTraczyk, Wiesław _eAutor |
|
| 245 | 1 | 0 |
_aUkłady cyfrowe automatyki / _cWiesław Traczyk. |
| 260 |
_aWarszawa : _bWydawnictwa Naukowo-Techniczne, _c1974. |
||
| 300 |
_a423, [1] strony : _bilustracje, wykresy ; _c23 cm. |
||
| 336 |
_aTekst _btxt _2rdacontent |
||
| 337 |
_aBez urządzenia pośredniczącego _bn _2rdamedia |
||
| 338 |
_aWolumin _bnc _2rdacarrier |
||
| 380 | _aKsiążki | ||
| 380 | _aPublikacje fachowe | ||
| 380 | _aPublikacje dydaktyczne | ||
| 388 | 1 | _a1901-2000 | |
| 388 | 1 | _a1945-1989 | |
| 504 | _aBibliografia przy rozdziałach. Indeks. | ||
| 521 | 8 | _aKsiążka jest przeznaczona dla inżynierów automatyków, elektroników i elektryków, stosujących elementy logiczne i układy cyfrowe w różnych działach techniki. Może być przydatna dla studentów wyższych szkół technicznych jako książka pomocnicza. | |
| 650 | 7 | _aAutomaty | |
| 650 | 7 | _aUkład cyfrowy | |
| 650 | 7 | _aUrządzenia | |
| 655 | 7 | _aPodręcznik | |
| 658 | _aInżynieria i technika | ||
| 710 | 2 |
_aWydawnictwa Naukowo-Techniczne _4pbl |
|
| 856 |
_uhttp://koha.tu.koszalin.pl/cgi-bin/koha/opac-detail.pl?biblionumber=25772 _yKatalog online BPK |
||
| 942 |
_2UKD _cKS |
||
| 999 |
_c25772 _d25772 |
||